<?xml version="1.0" encoding="UTF-8"?>
<record
    xmlns:xsi="http://www.w3.org/2001/XMLSchema-instance"
    xsi:schemaLocation="http://www.loc.gov/MARC21/slim http://www.loc.gov/standards/marcxml/schema/MARC21slim.xsd"
    xmlns="http://www.loc.gov/MARC21/slim">

  <leader>04598cam a2200361 i 4500</leader>
  <controlfield tag="001">991107219429406196</controlfield>
  <controlfield tag="005">20260304125259.0</controlfield>
  <controlfield tag="008">210414s2022    caua     b    001 0 eng  </controlfield>
  <datafield tag="010" ind1=" " ind2=" ">
    <subfield code="a">  2021937242</subfield>
  </datafield>
  <datafield tag="015" ind1=" " ind2=" ">
    <subfield code="a">GBC1G6125</subfield>
    <subfield code="2">bnb</subfield>
  </datafield>
  <datafield tag="016" ind1="7" ind2=" ">
    <subfield code="a">020349758</subfield>
    <subfield code="2">Uk</subfield>
  </datafield>
  <datafield tag="020" ind1=" " ind2=" ">
    <subfield code="a">9781526468185</subfield>
    <subfield code="q">(paperback)</subfield>
  </datafield>
  <datafield tag="020" ind1=" " ind2=" ">
    <subfield code="a">9781526468192</subfield>
    <subfield code="q">(hardcover)</subfield>
  </datafield>
  <datafield tag="020" ind1=" " ind2=" ">
    <subfield code="z">9781529737592</subfield>
    <subfield code="q">(epub)</subfield>
  </datafield>
  <datafield tag="020" ind1=" " ind2=" ">
    <subfield code="z">9781529738490</subfield>
    <subfield code="q">(epub)</subfield>
  </datafield>
  <datafield tag="020" ind1=" " ind2=" ">
    <subfield code="z">9781529736700</subfield>
    <subfield code="q">(pdf)</subfield>
  </datafield>
  <datafield tag="035" ind1=" " ind2=" ">
    <subfield code="a">(OCoLC)1253472930</subfield>
    <subfield code="z">(OCoLC)1253473285</subfield>
  </datafield>
  <datafield tag="035" ind1=" " ind2=" ">
    <subfield code="a">(OCoLC)on1253472930</subfield>
  </datafield>
  <datafield tag="040" ind1=" " ind2=" ">
    <subfield code="a">DLC</subfield>
    <subfield code="b">eng</subfield>
    <subfield code="e">rda</subfield>
    <subfield code="c">DLC</subfield>
    <subfield code="d">UKMGB</subfield>
    <subfield code="d">OCLCF</subfield>
    <subfield code="d">CDX</subfield>
    <subfield code="d">BDX</subfield>
    <subfield code="d">QGK</subfield>
    <subfield code="d">YDX</subfield>
    <subfield code="d">OCLCO</subfield>
    <subfield code="d">OCLCL</subfield>
    <subfield code="d">Y@Y</subfield>
  </datafield>
  <datafield tag="041" ind1=" " ind2=" ">
    <subfield code="a">English</subfield>
  </datafield>
  <datafield tag="042" ind1=" " ind2=" ">
    <subfield code="a">pcc</subfield>
  </datafield>
  <datafield tag="050" ind1="0" ind2="0">
    <subfield code="a">H61.3</subfield>
    <subfield code="b">.M4185 2022</subfield>
  </datafield>
  <datafield tag="100" ind1=" " ind2=" ">
    <subfield code="a">McLevey, John,</subfield>
    <subfield code="e">author.</subfield>
    <subfield code="9">26764</subfield>
  </datafield>
  <datafield tag="245" ind1="1" ind2="0">
    <subfield code="a">Doing computational social science </subfield>
    <subfield code="b">: a practical introduction </subfield>
    <subfield code="c">/ John McLevey.</subfield>
  </datafield>
  <datafield tag="264" ind1=" " ind2="1">
    <subfield code="a">Los Angeles :</subfield>
    <subfield code="b">SAGE,</subfield>
    <subfield code="c">[2022]</subfield>
  </datafield>
  <datafield tag="300" ind1=" " ind2=" ">
    <subfield code="a">xv, 667 pages :</subfield>
    <subfield code="b">illustrations ;</subfield>
    <subfield code="c">25 cm</subfield>
  </datafield>
  <datafield tag="504" ind1=" " ind2=" ">
    <subfield code="a">Includes bibliographical references (pages 644-655) and index.</subfield>
  </datafield>
  <datafield tag="505" ind1="0" ind2=" ">
    <subfield code="a">Introduction: Learning to do computational social science &#x2014; Part I: Foundations &#x2014; Setting up your open source scientific computing environment &#x2014; Python programming: The basics &#x2014; Python programming: Data structures, functions and files &#x2014; Collecting data from Application Programming Interfaces (APIs) &#x2014; Collecting data from the web: Scraping &#x2014; Processing structured data &#x2014; Visualisation and exploratory data analysis &#x2014; Latent factors and components &#x2014; Part II: Fundamentals of text analysis &#x2014; Processing natural language data &#x2014; Iterative text analysis &#x2014; Exploratory text analysis &#x2014; Text similarity and latent semantic space &#x2014; Part III: Fundamentals of network analysis &#x2014; Social networks and relational thinking &#x2014; Connection and clustering in social networks &#x2014; Influence, inequality and power in social networks &#x2014; Going viral: Modelling the epidemic spread of simple contagions &#x2014; Not so fast: Modelling the diffusion of complex contagions &#x2014; Part IV: Research ethics and machine learning &#x2014; Research ethics, politics and practices &#x2014; Machine learning: Symbolic and connectionist &#x2014; Supervised learning with regression and cross-validation &#x2014; Supervised learning with tree-based models &#x2014; Neural networks and deep learning &#x2014; Developing neural network models with Keras and Tensorflow &#x2014; Part V: Bayesian machine learning and probabilistic programming &#x2014; Statistical machine learning and generative models &#x2014; Probability: A primer &#x2014; Approximate posterior inference with stochastic sampling and MCMC &#x2014; Part VI: Bayesian data analysis and latent variable modelling with relational and text data &#x2014; Bayesian regression models with probabilistic programming &#x2014; Bayesian hierarchical regression modelling &#x2014; Variational Bayes and the craft of generative topic modelling &#x2014; Generative network analysis with Bayesian stochastic blockmodels &#x2014; Part VII: Embeddings, transformer models and named entity recognition &#x2014; Can we model meaning?: Contextual representation and neural word embeddings &#x2014; Named entity recognition, transfer learning and transformer models.
</subfield>
  </datafield>
  <datafield tag="520" ind1=" " ind2=" ">
    <subfield code="a">"Computational approaches offer exciting opportunities for us to do social science differently. This beginner's guide discusses a range of computational methods and how to use them to study the problems and questions you want to research. It assumes no knowledge of programming, offering step-by-step guidance for coding in Python and drawing on examples of real data analysis to demonstrate how you can apply each approach, including machine learning and social network analysis, in any discipline. The book also: Considers important principles of social scientific computing, including transparency, accountability and reproducibility. Understands the realities of completing research projects and offers advice for dealing with issues such as messy or incomplete data and systematic biases. Teaches you good habits and working practices that enable you to do programming well. This book is for anyone who wants to use computational methods to conduct a social science research project. Supported by a wealth of online resources, including video tutorials and datasets for practice so you can learn at your own pace, this book equips you with the skills to conduct computational social science research for the first time, with confidence"--</subfield>
    <subfield code="c">Provided by publisher.</subfield>
  </datafield>
  <datafield tag="650" ind1=" " ind2="0">
    <subfield code="a">Social sciences - Data processing</subfield>
    <subfield code="x">Data processing.</subfield>
  </datafield>
  <datafield tag="650" ind1=" " ind2="0">
    <subfield code="a">Social sciences</subfield>
    <subfield code="x">Statistical methods</subfield>
    <subfield code="9">5703</subfield>
  </datafield>
  <datafield tag="942" ind1=" " ind2=" ">
    <subfield code="2">lcc</subfield>
  </datafield>
  <datafield tag="952" ind1=" " ind2=" ">
    <subfield code="0">0</subfield>
    <subfield code="1">0</subfield>
    <subfield code="2">lcc</subfield>
    <subfield code="4">0</subfield>
    <subfield code="7">0</subfield>
    <subfield code="a">TBS</subfield>
    <subfield code="b">TBS</subfield>
    <subfield code="d">2026-03-04</subfield>
    <subfield code="l">0</subfield>
    <subfield code="r">2026-03-04</subfield>
    <subfield code="t">1</subfield>
    <subfield code="w">2026-03-04</subfield>
    <subfield code="y">1</subfield>
    <subfield code="z">SOON AVAILABLE</subfield>
  </datafield>
  <datafield tag="999" ind1=" " ind2=" ">
    <subfield code="c">5372</subfield>
    <subfield code="d">5372</subfield>
  </datafield>
</record>
